Macroeconomics : a modern approach
Material presented in this book includes lots of hand wavy intuitive arguments aimed at an audience who fear algebra - let alone calculus. If you have a firm grasp of financial math and a high school reading level than the extra 'proofs' may actually distract you from discerning the two or...
Spremljeno u:
| Glavni autor: | |
|---|---|
| Format: | Knjiga |
| Jezik: | Undetermined |
| Izdano: |
Mason, Ohio
Thomson South-Western
2008
|
| Teme: | |
| Oznake: |
Dodaj oznaku
Bez oznaka, Budi prvi tko označuje ovaj zapis!
|
| Thư viện lưu trữ: | Trung tâm Học liệu Trường Đại học Cần Thơ |
|---|
| LEADER | 00909nam a2200217Ia 4500 | ||
|---|---|---|---|
| 001 | CTU_153076 | ||
| 008 | 210402s9999 xx 000 0 und d | ||
| 020 | |c 111.62 | ||
| 082 | |a 339 | ||
| 082 | |b B277 | ||
| 100 | |a Barro, Robert J. | ||
| 245 | 0 | |a Macroeconomics : | |
| 245 | 2 | |b a modern approach | |
| 245 | 0 | |c Robert J. Barro | |
| 260 | |a Mason, Ohio | ||
| 260 | |b Thomson South-Western | ||
| 260 | |c 2008 | ||
| 520 | |a Material presented in this book includes lots of hand wavy intuitive arguments aimed at an audience who fear algebra - let alone calculus. If you have a firm grasp of financial math and a high school reading level than the extra 'proofs' may actually distract you from discerning the two or three kernels of knowledge contained in any given chapter. | ||
| 650 | |a Macroeconomics,Kinh tế vĩ mô | ||
| 904 | |i Năm | ||
| 980 | |a Trung tâm Học liệu Trường Đại học Cần Thơ | ||